000
00254 a2200085 4500
020
_a
9781781576113
100
_a
Andy Stewart MacKay
245
_a
The Story of Pop Art: culture, celebrity & controversy in 100 creative milestones
260
_b
Ilex Press
_c
2020
999
_c
13244
_d
13244